Rodney Paul Lane v Peter Robin Woolway (Record no. 78227)

MARC details
000 -LEADER
fixed length control field 01822cab a2200265 4500
001 - CONTROL NUMBER
control field L136280
008 - FIXED-LENGTH DATA ELEMENTS--GENERAL INFORMATION
fixed length control field 070123n2006 000 0 eng u
035 ## - SYSTEM CONTROL NUMBER
System control number (Sirsi) u136280
041 0# - LANGUAGE CODE
Language code of text/sound track or separate title eng
245 00 - TITLE STATEMENT
Title Rodney Paul Lane v Peter Robin Woolway
Medium [electronic resource]
260 ## - PUBLICATION, DISTRIBUTION, ETC.
Date of publication, distribution, etc. 2006
520 ## - SUMMARY, ETC.
Summary, etc. [2006] EWLands RA 57 2005, 9 August 2006. An appeal by a ratepayer against the decision of the Central London Valuation Tribunal, confirming the assessment in the rating list of a club and premises. The appeal arises as a result of a programme of substantial building works opposite the entrance to the hereditament. The alteration from the building works resulted in the deletion of the existing entrance during the period while scaffolding was in place. This gave grounds for making the proposal that circumstances affecting the value of the property had changed, and therefore that the rating list was inaccurate. The respondent argued that the value of the property should be reduced by 100% whilst its access was impeded. "Held": a rating reduction of 75% of the original rating was allowed during the period the scaffolding was up, followed by a reduction of 50% on the original rating after the scaffolding was taken down.
590 ## - LOCAL NOTE (RLIN)
Local note KA
650 24 - SUBJECT ADDED ENTRY--TOPICAL TERM
Topical term or geographic name entry element RODNEY PAUL LANE V PETER ROBIN WOOLWAY
650 24 - SUBJECT ADDED ENTRY--TOPICAL TERM
Topical term or geographic name entry element CENTRAL LONDON VALUATION TRIBUNAL
650 24 - SUBJECT ADDED ENTRY--TOPICAL TERM
Topical term or geographic name entry element LANDS TRIBUNAL ACT 1949
650 24 - SUBJECT ADDED ENTRY--TOPICAL TERM
Topical term or geographic name entry element O'BRIEN V CLARK
650 24 - SUBJECT ADDED ENTRY--TOPICAL TERM
Topical term or geographic name entry element JOHN LAING V KINGSWOOD ASSESSMENT COMMITTEE
650 24 - SUBJECT ADDED ENTRY--TOPICAL TERM
Topical term or geographic name entry element CONSETT IRON V NORTH WESTERN AREA DURHAM ASSESSMENT COMMITTEE
650 24 - SUBJECT ADDED ENTRY--TOPICAL TERM
Topical term or geographic name entry element CORUS UK V VALUATION OFFICE AGENCY
651 #4 - SUBJECT ADDED ENTRY--GEOGRAPHIC NAME
Geographic name LONDON
690 ## - LOCAL SUBJECT ADDED ENTRY--TOPICAL TERM (OCLC, RLIN)
Topical term or geographic name as entry element PROPERTY-PROPERTY TAXATION
856 40 - ELECTRONIC LOCATION AND ACCESS
Uniform Resource Identifier <a href="https://www.bailii.org/ew/cases/EWLands/2006/RA_57_2005.html">https://www.bailii.org/ew/cases/EWLands/2006/RA_57_2005.html</a>
Public note View the item free of charge at www.bailii.org...
942 ## - ADDED ENTRY ELEMENTS (KOHA)
Suppress in OPAC 0
Holdings
Withdrawn status Lost status Source of classification or shelving scheme Damaged status Not for loan Home library Current library Shelving location Date acquired Total Checkouts Full call number Barcode Date last seen Copy number Price effective from Koha item type
    Dewey Decimal Classification     Virtual Virtual Online 23/01/2007   ONLINE PUBLICATION 136280-1001 06/08/2019 1 06/08/2019 Law report